Top 300 Babynamen 2025- Mädchen - Statistiken

Allgemein
  • Dieses Quiz wurde 72 mal gespielt
  • Das Durchschnittsergebnis liegt bei 87 aus 300
Antwortstatistiken
Name % Korrekt
22. A Anna
94%
2. E Emma
94%
10. L Lia
94%
37. M Maria
94%
15. M Marie
94%
131. E Emmi
92%
4. H Hannah
92%
1. S Sophia
92%
192. L Leana
90%
41. L Lena
90%
140. L Lisa
88%
29. S Sophie
88%
18. L Lea
84%
44. S Sarah
84%
56. E Elli
82%
3. E Emilia
80%
36. L Lara
80%
39. P Paula
80%
223. J Juli
78%
5. L Lina
78%
6. M Mia
78%
7. C Clara
76%
12. I Ida
74%
66. L Laura
72%
23. L Leonie
72%
13. L Lilly
72%
11. L Leni
68%
26. L Luisa
68%
25. C Charlotte
66%
191. E Elin
66%
40. E Elisa
66%
8. E Ella
66%
85. J Julia
66%
127. A Anni
64%
19. E Emily
64%
277. H Helen
64%
186. H Helin
64%
33. J Johanna
64%
110. J Jana
62%
24. N Nora
62%
70. A Alina
60%
21. A Amelie
58%
93. I Isabell
58%
210. M Milla
58%
126. N Nina
58%
49. C Carla
56%
106. K Katharina
56%
34. L Lotta
56%
58. M Mara
56%
9. M Mila
56%
96. P Pia
56%
68. Z Zoe
56%
16. F Frieda
54%
35. H Helena
54%
27. L Luna
54%
45. O Olivia
54%
48. E Elena
52%
52. E Eva
52%
99. F Finja
52%
42. N Nele
52%
76. L Luise
50%
17. M Maja
50%
14. M Mathilda
50%
73. M Melina
50%
30. M Mira
50%
38. T Thea
50%
199. A Alexandra
48%
149. A Annika
48%
67. F Fiona
48%
83. M Mina
48%
91. P Pauline
48%
47. V Victoria
48%
90. E Elisabeth
44%
57. I Isabella
44%
20. M Malia
44%
206. C Carolina
42%
51. E Elina
42%
61. M Marlene
42%
87. V Valentina
42%
170. C Celine
40%
281. E Elsa
40%
75. J Josephine
40%
147. J Jule
40%
187. L Lana
40%
107. L Lotte
40%
71. P Paulina
40%
43. A Antonia
38%
82. C Chiara
38%
65. C Cleo
38%
205. F Franziska
38%
60. L Liana
38%
72. M Merle
38%
86. R Rosa
38%
105. T Theresa
38%
295. V Vanessa
38%
64. A Amira
36%
238. C Chloe
36%
133. E Edda
36%
114. F Flora
36%
111. J Jasmin
36%
129. M Marla
36%
132. M Milena
36%
28. R Romy
36%
214. A Alice
34%
89. A Ava
34%
32. J Juna
34%
84. L Liv
34%
141. M Miriam
34%
178. M Mona
34%
62. A Alia
32%
168. A Alisa
32%
31. A Amalia
32%
130. L Linda
32%
148. L Lou
32%
113. M Magdalena
32%
143. M Melissa
32%
260. N Nicole
32%
80. A Amelia
30%
59. C Carlotta
30%
156. L Lola
30%
139. L Lucy
30%
229. G Greta
28%
201. L Leona
28%
157. L Lilia
28%
54. L Livia
28%
88. M Malina
28%
79. A Alea
26%
166. A Alicia
26%
63. A Alma
26%
237. A Amy
26%
120. A Anastasia
26%
116. A Aurora
26%
117. D Diana
26%
293. L Leen
26%
77. M Malea
26%
227. S Selin
26%
211. V Veronika
26%
78. A Aaliyah
24%
146. A Ariana
24%
137. K Kira
24%
176. L Lorena
24%
288. T Tabea
24%
50. T Tilda
24%
271. A Annabel
22%
53. A Aurelia
22%
185. D Daria
22%
225. E Esther
22%
154. H Helene
22%
235. M Marina
22%
180. R Rebecca
22%
241. T Tara
22%
198. V Vivien
22%
163. Z Zoey
22%
55. H Hailey
20%
94. L Leyla
20%
160. L Liliana
20%
208. N Nala
20%
276. R Rita
20%
119. R Ronja
20%
177. S Selina
20%
270. A Adriana
18%
122. A Alva
18%
249. A Anouk
18%
104. E Ela
18%
124. E Elif
18%
188. E Elise
18%
174. E Emely
18%
267. E Enna
18%
171. E Evelyn
18%
263. F Fenja
18%
103. F Freya
18%
269. N Nila
18%
212. B Bella
16%
215. H Heidi
16%
209. J Jette
16%
272. L Lilith
16%
275. M Marlena
16%
97. M Marta
16%
81. R Rosalie
16%
257. S Samira
16%
164. V Valerie
16%
182. A Ada
14%
236. A Alessia
14%
125. A Amina
14%
46. A Ayla
14%
74. E Eliana
14%
283. I Iris
14%
144. L Linnea
14%
265. M Melia
14%
253. N Naomi
14%
115. S Stella
14%
155. V Valeria
14%
134. Z Zeynep
14%
195. E Eleni
12%
230. E Eleonora
12%
219. F Felicia
12%
261. F Felicitas
12%
248. J Jonna
12%
112. L Luana
12%
128. L Lucia
12%
95. M Malou
12%
92. M Mariam
12%
181. N Noemi
12%
286. N Nova
12%
284. T Theodora
12%
280. T Toni
12%
194. W Wilma
12%
142. Y Yara
12%
183. A Adelina
10%
200. A Aleyna
10%
204. A Azra
10%
152. D Dalia
10%
162. F Fatima
10%
213. H Hedi
10%
224. K Kiana
10%
165. L Lene
10%
202. L Leonora
10%
220. N Nela
10%
300. R Romina
10%
197. T Tessa
10%
190. V Viola
10%
203. A Aisha
8%
100. A Amara
8%
98. A Aylin
8%
218. C Clea
8%
179. E Elea
8%
282. E Esma
8%
231. F Felina
8%
251. F Fine
8%
262. I Ivy
8%
136. M Mariella
8%
153. M Mathea
8%
298. M Melisa
8%
167. N Nika
8%
222. N Nisa
8%
239. N Nola
8%
287. S Selma
8%
294. S Solea
8%
289 A Anisa
6%
290. F Feline
6%
274. F Fritzi
6%
234. G Giulia
6%
242. H Hilda
6%
243. K Kalea
6%
297. L Lydia
6%
246. M Melek
6%
240. O Ophelia
6%
299. P Palina
6%
138. R Ruby
6%
256. S Sama
6%
159. T Thalia
6%
228. A Alba
4%
258. A Amilia
4%
250. A Arina
4%
217. C Cataleya
4%
102. D Dua
4%
273. E Elodie
4%
247. E Eloise
4%
296. E Evelina
4%
292. I Iman
4%
101. K Kaja
4%
109. L Liya
4%
278. M Madita
4%
193. M Maira
4%
118. M Mayla
4%
252. M Melody
4%
150. M Milana
4%
175. P Philippa
4%
121. A Amaya
2%
69. A Arya
2%
233. D Defne
2%
173. L Laila
2%
244. L Leia
2%
196. L Liara
2%
189. L Liva
2%
158. L Lynn
2%
226. M Marleen
2%
168. M Meryem
2%
266. R Raya
2%
135. Y Ylvi
2%
254. A Asel
0%
151. A Asya
0%
259. C Ceylin
0%
285. F Felia
0%
221. H Hafsa
0%
184. H Hedda
0%
291. H Hira
0%
108. I Inaya
0%
245. L Lavin
0%
145. L Layan
0%
207. L Letizia
0%
216. L Liora
0%
123. L Liyana
0%
268. M Malak
0%
255. M Malika
0%
264. M Maliya
0%
172. M Medina
0%
279. M Miray
0%
161. N Nayla
0%
232. T Tala
0%
Keine übereinstimmenden Quizze gefunden
Verteilung der Resultate
Anzahl Personen mit jedem Resultat
Perzentil nach korrekt beantworteten Fragen
Ihre Resultats-Entwicklung
Sie haben dieses Quiz noch nicht gespielt